A Text book of engineering mathematics - I (Record no. 2641)

MARC details
000 -LEADER
Fixed length control field 00430nam a2200169 4500
003 - CONTROL NUMBER IDENTIFIER
Control field SEACOMEC
005 - DATE AND TIME OF LATEST TRANSACTION
Control field 20260318132449.0
008 - FIXED-LENGTH DATA ELEMENTS--GENERAL INFORMATION
Fixed length control field 260318b |||||||| |||| 00| 0 eng d
020 ## - INTERNATIONAL STANDARD BOOK NUMBER / ISBN
Price 176.00
040 ## - CATALOGING SOURCE
Original cataloging agency SEACOMEC
082 ## - DEWEY DECIMAL CLASSIFICATION NUMBER
Classification number 510.02462
Book Number A28
100 ## - MAIN ENTRY--PERSONAL NAME
Personal name AdhiKari, S. K.
245 ## - TITLE STATEMENT
Title A Text book of engineering mathematics - I
Statement of responsibility / S. K. AdhiKari,
260 ## - IMPRINT
Place of publication Delhi
Name of publisher Dhanpat Rai
Date of publication 2008
300 ## - PHYSICAL DESCRIPTION
Page / Vol. No Vol-1
942 ## - ADDED ENTRY ELEMENTS (KOHA)
Koha item type Books
Holdings
Withdrawn status Lost status Source of classification Damaged status Not for loan Home library Current library Date acquired Total Checkouts Call number Accession number Date last seen Price effective from Koha item type Copy number Date checked out
    Dewey Decimal Classification     SEACOM ENGINEERING COLLEGE SEACOM ENGINEERING COLLEGE 18/03/2026   510.02462 A28 11215 18/03/2026 18/03/2026 Reference Books    
    Dewey Decimal Classification     SEACOM ENGINEERING COLLEGE SEACOM ENGINEERING COLLEGE 18/03/2026   510.02462 A28 11216 18/03/2026 18/03/2026 Books 1  
    Dewey Decimal Classification     SEACOM ENGINEERING COLLEGE SEACOM ENGINEERING COLLEGE 18/03/2026   510.02462 A28 11217 18/03/2026 18/03/2026 Books 2  
    Dewey Decimal Classification     SEACOM ENGINEERING COLLEGE SEACOM ENGINEERING COLLEGE 18/03/2026 1 510.02462 A28 11218 17/04/2026 18/03/2026 Books 3 18/03/2026
    Dewey Decimal Classification     SEACOM ENGINEERING COLLEGE SEACOM ENGINEERING COLLEGE 18/03/2026   510.02462 A28 11219 18/03/2026 18/03/2026 Books 4  
    Dewey Decimal Classification     SEACOM ENGINEERING COLLEGE SEACOM ENGINEERING COLLEGE 18/03/2026   510.02462 A28 11220 18/03/2026 18/03/2026 Books 5  
    Dewey Decimal Classification     SEACOM ENGINEERING COLLEGE SEACOM ENGINEERING COLLEGE 18/03/2026   510.02462 A28 11221 18/03/2026 18/03/2026 Books 6  
    Dewey Decimal Classification     SEACOM ENGINEERING COLLEGE SEACOM ENGINEERING COLLEGE 18/03/2026   510.02462 A28 11222 18/03/2026 18/03/2026 Books 7  
    Dewey Decimal Classification     SEACOM ENGINEERING COLLEGE SEACOM ENGINEERING COLLEGE 18/03/2026 2 510.02462 A28 11223 02/04/2026 18/03/2026 Books 8 01/04/2026
    Dewey Decimal Classification     SEACOM ENGINEERING COLLEGE SEACOM ENGINEERING COLLEGE 18/03/2026   510.02462 A28 11224 18/03/2026 18/03/2026 Books 9  
© Seacom Engineering College, All rights reserved.      Powered by Koha